<?xml version="1.0" encoding="UTF-8"?>
<marc:record xmlns:marc="http://www.loc.gov/MARC21/slim" type="Bibliographic">
   <marc:leader>00000pam a2200000 c 4500</marc:leader>
   <marc:controlfield tag="001">951049844</marc:controlfield>
   <marc:controlfield tag="003">DE-101</marc:controlfield>
   <marc:controlfield tag="005">20171203024056.0</marc:controlfield>
   <marc:controlfield tag="007">tu</marc:controlfield>
   <marc:controlfield tag="008">970729s1997    au ||||| |||| 00||||ger  </marc:controlfield>
   <marc:datafield ind1=" " ind2=" " tag="015">
      <marc:subfield code="a">98,A44,1177</marc:subfield>
      <marc:subfield code="z">97,N34,0819</marc:subfield>
      <marc:subfield code="2">dnb</marc:subfield>
   </marc:datafield>
   <marc:datafield ind1="7" ind2=" " tag="016">
      <marc:subfield code="2">DE-101</marc:subfield>
      <marc:subfield code="a">951049844</marc:subfield>
   </marc:datafield>
   <marc:datafield ind1=" " ind2=" " tag="020">
      <marc:subfield code="a">9783701309573</marc:subfield>
      <marc:subfield code="c">Pp. : ca. DM 29.80, ca. sfr 29.80, ca. S 198.00</marc:subfield>
      <marc:subfield code="9">978-3-7013-0957-3</marc:subfield>
   </marc:datafield>
   <marc:datafield ind1=" " ind2=" " tag="020">
      <marc:subfield code="a">3701309574</marc:subfield>
      <marc:subfield code="c">Pp. : ca. DM 29.80, ca. sfr 29.80, ca. S 198.00</marc:subfield>
      <marc:subfield code="9">3-7013-0957-4</marc:subfield>
   </marc:datafield>
   <marc:datafield ind1=" " ind2=" " tag="035">
      <marc:subfield code="a">(DE-599)DNB951049844</marc:subfield>
   </marc:datafield>
   <marc:datafield ind1=" " ind2=" " tag="035">
      <marc:subfield code="a">(OCoLC)231772564</marc:subfield>
   </marc:datafield>
   <marc:datafield ind1=" " ind2=" " tag="040">
      <marc:subfield code="a">1140</marc:subfield>
      <marc:subfield code="b">ger</marc:subfield>
      <marc:subfield code="c">DE-101</marc:subfield>
      <marc:subfield code="d">9999</marc:subfield>
   </marc:datafield>
   <marc:datafield ind1=" " ind2=" " tag="041">
      <marc:subfield code="a">ger</marc:subfield>
   </marc:datafield>
   <marc:datafield ind1=" " ind2=" " tag="043">
      <marc:subfield code="c">XA-AT</marc:subfield>
      <marc:subfield code="c">XA-AT</marc:subfield>
      <marc:subfield code="c">XA-AT</marc:subfield>
   </marc:datafield>
   <marc:datafield ind1=" " ind2=" " tag="044">
      <marc:subfield code="c">XA-AT</marc:subfield>
   </marc:datafield>
   <marc:datafield ind1=" " ind2=" " tag="084">
      <marc:subfield code="a">53</marc:subfield>
      <marc:subfield code="a">430</marc:subfield>
      <marc:subfield code="a">830</marc:subfield>
      <marc:subfield code="q">DE-101</marc:subfield>
      <marc:subfield code="2">sdnb</marc:subfield>
   </marc:datafield>
   <marc:datafield ind1=" " ind2=" " tag="084">
      <marc:subfield code="a">12.2p</marc:subfield>
      <marc:subfield code="a">12.2p</marc:subfield>
      <marc:subfield code="a">12.2p</marc:subfield>
      <marc:subfield code="q">DE-101</marc:subfield>
      <marc:subfield code="2">sswd</marc:subfield>
   </marc:datafield>
   <marc:datafield ind1="1" ind2=" " tag="100">
      <marc:subfield code="0">(DE-588)118570285</marc:subfield>
      <marc:subfield code="0">http://d-nb.info/gnd/118570285</marc:subfield>
      <marc:subfield code="0">(DE-101)118570285</marc:subfield>
      <marc:subfield code="a">Lavant, Christine</marc:subfield>
      <marc:subfield code="d">1915-1973</marc:subfield>
      <marc:subfield code="e">Verfasser</marc:subfield>
      <marc:subfield code="4">aut</marc:subfield>
   </marc:datafield>
   <marc:datafield ind1="0" ind2="0" tag="245">
      <marc:subfield code="a">Herz auf dem Sprung</marc:subfield>
      <marc:subfield code="b">die Briefe an Ingeborg Teuffenbach</marc:subfield>
      <marc:subfield code="c">Christine Lavant. Im Auftr. des Brenner-Archivs (Innsbruck) hrsg. und mit Erl. vers. von Annette Steinsiek</marc:subfield>
   </marc:datafield>
   <marc:datafield ind1=" " ind2="1" tag="264">
      <marc:subfield code="a">Salzburg</marc:subfield>
      <marc:subfield code="a">Wien</marc:subfield>
      <marc:subfield code="b">Müller</marc:subfield>
      <marc:subfield code="c">1997</marc:subfield>
   </marc:datafield>
   <marc:datafield ind1=" " ind2=" " tag="300">
      <marc:subfield code="a">212 S.</marc:subfield>
      <marc:subfield code="c">20 cm</marc:subfield>
   </marc:datafield>
   <marc:datafield ind1=" " ind2=" " tag="336">
      <marc:subfield code="a">Text</marc:subfield>
      <marc:subfield code="b">txt</marc:subfield>
      <marc:subfield code="2">rdacontent</marc:subfield>
   </marc:datafield>
   <marc:datafield ind1=" " ind2=" " tag="337">
      <marc:subfield code="a">ohne Hilfsmittel zu benutzen</marc:subfield>
      <marc:subfield code="b">n</marc:subfield>
      <marc:subfield code="2">rdamedia</marc:subfield>
   </marc:datafield>
   <marc:datafield ind1=" " ind2=" " tag="338">
      <marc:subfield code="a">Band</marc:subfield>
      <marc:subfield code="b">nc</marc:subfield>
      <marc:subfield code="2">rdacarrier</marc:subfield>
   </marc:datafield>
   <marc:datafield ind1="1" ind2="7" tag="600">
      <marc:subfield code="0">(DE-588)118570285</marc:subfield>
      <marc:subfield code="0">http://d-nb.info/gnd/118570285</marc:subfield>
      <marc:subfield code="0">(DE-101)118570285</marc:subfield>
      <marc:subfield code="a">Lavant, Christine</marc:subfield>
      <marc:subfield code="d">1915-1973</marc:subfield>
      <marc:subfield code="2">gnd</marc:subfield>
   </marc:datafield>
   <marc:datafield ind1="1" ind2="7" tag="600">
      <marc:subfield code="0">(DE-588)119560151</marc:subfield>
      <marc:subfield code="0">http://d-nb.info/gnd/119560151</marc:subfield>
      <marc:subfield code="0">(DE-101)119560151</marc:subfield>
      <marc:subfield code="a">Teuffenbach, Ingeborg</marc:subfield>
      <marc:subfield code="d">1914-1992</marc:subfield>
      <marc:subfield code="2">gnd</marc:subfield>
   </marc:datafield>
   <marc:datafield ind1="1" ind2="7" tag="600">
      <marc:subfield code="0">(DE-588)118570285</marc:subfield>
      <marc:subfield code="0">http://d-nb.info/gnd/118570285</marc:subfield>
      <marc:subfield code="0">(DE-101)118570285</marc:subfield>
      <marc:subfield code="a">Lavant, Christine</marc:subfield>
      <marc:subfield code="d">1915-1973</marc:subfield>
      <marc:subfield code="2">gnd</marc:subfield>
   </marc:datafield>
   <marc:datafield ind1="1" ind2="7" tag="600">
      <marc:subfield code="0">(DE-588)119560151</marc:subfield>
      <marc:subfield code="0">http://d-nb.info/gnd/119560151</marc:subfield>
      <marc:subfield code="0">(DE-101)119560151</marc:subfield>
      <marc:subfield code="a">Teuffenbach, Ingeborg</marc:subfield>
      <marc:subfield code="d">1914-1992</marc:subfield>
      <marc:subfield code="2">gnd</marc:subfield>
   </marc:datafield>
   <marc:datafield ind1=" " ind2="7" tag="655">
      <marc:subfield code="0">(DE-588)4146609-3</marc:subfield>
      <marc:subfield code="0">http://d-nb.info/gnd/4146609-3</marc:subfield>
      <marc:subfield code="0">(DE-101)041466098</marc:subfield>
      <marc:subfield code="a">Briefsammlung</marc:subfield>
      <marc:subfield code="2">gnd-content</marc:subfield>
   </marc:datafield>
   <marc:datafield ind1=" " ind2="7" tag="655">
      <marc:subfield code="a">Briefsammlung</marc:subfield>
      <marc:subfield code="2">gnd</marc:subfield>
   </marc:datafield>
   <marc:datafield ind1=" " ind2="7" tag="655">
      <marc:subfield code="a">Briefsammlung 1948-1964</marc:subfield>
      <marc:subfield code="2">gnd</marc:subfield>
   </marc:datafield>
   <marc:datafield ind1=" " ind2="7" tag="655">
      <marc:subfield code="a">Briefsammlung 1948-1964</marc:subfield>
      <marc:subfield code="2">gnd</marc:subfield>
   </marc:datafield>
   <marc:datafield ind1="0" ind2="0" tag="689">
      <marc:subfield code="0">(DE-588)118570285</marc:subfield>
      <marc:subfield code="0">http://d-nb.info/gnd/118570285</marc:subfield>
      <marc:subfield code="0">(DE-101)118570285</marc:subfield>
      <marc:subfield code="D">p</marc:subfield>
      <marc:subfield code="a">Lavant, Christine</marc:subfield>
      <marc:subfield code="d">1915-1973</marc:subfield>
   </marc:datafield>
   <marc:datafield ind1="0" ind2="1" tag="689">
      <marc:subfield code="0">(DE-588)119560151</marc:subfield>
      <marc:subfield code="0">http://d-nb.info/gnd/119560151</marc:subfield>
      <marc:subfield code="0">(DE-101)119560151</marc:subfield>
      <marc:subfield code="D">p</marc:subfield>
      <marc:subfield code="a">Teuffenbach, Ingeborg</marc:subfield>
      <marc:subfield code="d">1914-1992</marc:subfield>
   </marc:datafield>
   <marc:datafield ind1="0" ind2="2" tag="689">
      <marc:subfield code="A">f</marc:subfield>
      <marc:subfield code="a">Briefsammlung</marc:subfield>
   </marc:datafield>
   <marc:datafield ind1="0" ind2=" " tag="689">
      <marc:subfield code="5">DE-101</marc:subfield>
      <marc:subfield code="5">DE-101</marc:subfield>
   </marc:datafield>
   <marc:datafield ind1="1" ind2="0" tag="689">
      <marc:subfield code="0">(DE-588)118570285</marc:subfield>
      <marc:subfield code="0">http://d-nb.info/gnd/118570285</marc:subfield>
      <marc:subfield code="0">(DE-101)118570285</marc:subfield>
      <marc:subfield code="D">p</marc:subfield>
      <marc:subfield code="a">Lavant, Christine</marc:subfield>
      <marc:subfield code="d">1915-1973</marc:subfield>
   </marc:datafield>
   <marc:datafield ind1="1" ind2="1" tag="689">
      <marc:subfield code="A">f</marc:subfield>
      <marc:subfield code="a">Briefsammlung 1948-1964</marc:subfield>
   </marc:datafield>
   <marc:datafield ind1="1" ind2=" " tag="689">
      <marc:subfield code="5">DE-101</marc:subfield>
      <marc:subfield code="5">DE-101</marc:subfield>
   </marc:datafield>
   <marc:datafield ind1="2" ind2="0" tag="689">
      <marc:subfield code="0">(DE-588)119560151</marc:subfield>
      <marc:subfield code="0">http://d-nb.info/gnd/119560151</marc:subfield>
      <marc:subfield code="0">(DE-101)119560151</marc:subfield>
      <marc:subfield code="D">p</marc:subfield>
      <marc:subfield code="a">Teuffenbach, Ingeborg</marc:subfield>
      <marc:subfield code="d">1914-1992</marc:subfield>
   </marc:datafield>
   <marc:datafield ind1="2" ind2="1" tag="689">
      <marc:subfield code="A">f</marc:subfield>
      <marc:subfield code="a">Briefsammlung 1948-1964</marc:subfield>
   </marc:datafield>
   <marc:datafield ind1="2" ind2=" " tag="689">
      <marc:subfield code="5">DE-101</marc:subfield>
      <marc:subfield code="5">DE-101</marc:subfield>
   </marc:datafield>
   <marc:datafield ind1="1" ind2=" " tag="700">
      <marc:subfield code="0">(DE-588)119560151</marc:subfield>
      <marc:subfield code="0">http://d-nb.info/gnd/119560151</marc:subfield>
      <marc:subfield code="0">(DE-101)119560151</marc:subfield>
      <marc:subfield code="a">Teuffenbach, Ingeborg</marc:subfield>
      <marc:subfield code="d">1914-1992</marc:subfield>
      <marc:subfield code="e">Adressat</marc:subfield>
      <marc:subfield code="4">rcp</marc:subfield>
   </marc:datafield>
   <marc:datafield ind1="1" ind2=" " tag="700">
      <marc:subfield code="0">(DE-588)120501880</marc:subfield>
      <marc:subfield code="0">http://d-nb.info/gnd/120501880</marc:subfield>
      <marc:subfield code="0">(DE-101)120501880</marc:subfield>
      <marc:subfield code="a">Steinsiek, Annette</marc:subfield>
      <marc:subfield code="d">1964-</marc:subfield>
      <marc:subfield code="e">Herausgeber</marc:subfield>
      <marc:subfield code="4">edt</marc:subfield>
   </marc:datafield>
   <marc:datafield ind1=" " ind2=" " tag="850">
      <marc:subfield code="a">DE-101a</marc:subfield>
   </marc:datafield>
   <marc:datafield ind1="r" ind2=" " tag="925">
      <marc:subfield code="a">ra</marc:subfield>
   </marc:datafield>
</marc:record>
